[Event "Tournoi Skype 025B"]
[Site "Skype"]
[Date "????.??.??"]
[Round "3.21"]
[White "Khatanhar, Mohit"]
[Black "Borg, Anthony"]
[Result "1-0"]
[WhiteElo "1194"]
[BlackElo "1348"]
[PlyCount "59"]

1. e4 e6 2. c4 c5 3. Nf3 Nc6 4. Nc3 d6 5. Be2 Nf6 6. d3 g6 7. Bd2 Bg7 8. O-O
O-O 9. Qc1 Nd4 10. Rb1 Nxe2+ 11. Nxe2 d5 12. exd5 exd5 13. cxd5 Qxd5 14. h3 b6
15. b3 Bb7 16. Nf4 Qf5 17. Qd1 Rad8 18. Re1 Nd5 19. Nxd5 Bxd5 20. Re3 Bh6 21.
Re5 Qxd3 22. Bxh6 Bxf3 23. Qxd3 Rxd3 24. Bxf8 Rd1+ 25. Rxd1 Bxd1 26. Re8 f5 27.
Bxc5+ Kf7 28. Rd8 bxc5 29. Rxd1 Kf6 30. Rc1 1-0

[Event "Tournoi Skype 025B"]
[Site "Skype"]
[Date "????.??.??"]
[Round "3.22"]
[White "Scata, Laura"]
[Black "Kumbhar, Ashok"]
[Result "1-0"]
[WhiteElo "1320"]
[BlackElo "1189"]
[PlyCount "41"]

1. d4 d5 2. Bf4 e6 3. Nf3 Nf6 4. e3 a6 5. Nbd2 Nbd7 6. Bd3 c5 7. c3 h6 8. h3
Be7 9. Ne5 O-O 10. g4 Qb6 11. Qb1 c4 12. Bc2 Qa7 13. g5 hxg5 14. Bxg5 g6 15.
Bxf6 Bxf6 16. Ndf3 Kg7 17. h4 Rh8 18. Ke2 Be7 19. Qg1 Kf8 20. Bxg6 fxg6 21.
Nxg6+ 1-0

[Event "Tournoi Skype 025B"]
[Site "Skype"]
[Date "????.??.??"]
[Round "3.23"]
[White "Hargez, Dany"]
[Black "De Nobrega, George"]
[Result "0-1"]
[WhiteElo "1189"]
[BlackElo "1317"]
[PlyCount "62"]

1. e4 e5 2. d4 exd4 3. Nf3 Nc6 4. Bc4 h6 5. Bf4 Nf6 6. Nbd2 d6 7. Bb5 Bd7 8.
Qe2 a6 9. Bxc6 Bxc6 10. Nxd4 Qd7 11. Nf5 Qe6 12. O-O O-O-O 13. Ng3 Re8 14. Qe3
g5 15. Qb3 Qxb3 16. axb3 gxf4 17. Ne2 Nxe4 18. Nxe4 Bxe4 19. Nxf4 Bxc2 20. Rfe1
Rxe1+ 21. Rxe1 Bg7 22. Re7 Bxb3 23. Re3 Ba4 24. b3 Bc6 25. Re7 Re8 26. Rxe8+
Bxe8 27. Nh5 Bc3 28. h4 Kd7 29. f4 Ke6 30. g4 f5 31. g5 Bxh5 0-1

[Event "Tournoi Skype 025B"]
[Site "Skype"]
[Date "????.??.??"]
[Round "3.24"]
[White "Conde, Carmen"]
[Black "Erten, Ozlem"]
[Result "1-0"]
[WhiteElo "1183"]
[BlackElo "1290"]
[PlyCount "27"]

1. e4 c5 2. d3 Nc6 3. c3 d5 4. Be3 e6 5. Nd2 Nf6 6. h3 dxe4 7. dxe4 b6 8. Qa4
Bb7 9. Bb5 Qd7 10. Ngf3 Be7 11. Ne5 Rc8 12. Nxd7 Kxd7 13. Nf3 a6 14. Rd1+ 1-0

[Event "Tournoi Skype 025B"]
[Site "Skype"]
[Date "????.??.??"]
[Round "3.25"]
[White "Yanez, Leticia Jorgelina"]
[Black "Homme, Jim"]
[Result "0-1"]
[WhiteElo "1287"]
[BlackElo "1117"]
[PlyCount "98"]

1. e4 e5 2. Nf3 Nc6 3. Bc4 Nf6 4. O-O Nxe4 5. Qe2 Nf6 6. Nc3 Bc5 7. Bxf7+ Kxf7
8. Ng5+ Ke7 9. Nce4 Nd4 10. Qc4 d5 11. Qxc5+ Ke8 12. d3 b6 13. Qc3 Ne2+ 14. Kh1
Nxc3 15. bxc3 dxe4 16. dxe4 Nxe4 17. Nxe4 Bb7 18. Bg5 Qd7 19. f3 h6 20. Be3
Bxe4 21. fxe4 Rf8 22. Rad1 Qe7 23. Rf5 Rxf5 24. exf5 Rd8 25. Rxd8+ Qxd8 26. g4
Qd1+ 27. Kg2 Qxg4+ 28. Kf2 Qxf5+ 29. Ke2 Qxc2+ 30. Bd2 Qxa2 31. Ke3 Qc4 32. Kf3
Kf7 33. Ke3 Kg6 34. Kf3 Kf5 35. h3 Qe4+ 36. Kg3 Qd3+ 37. Kh4 Qxd2 38. Kg3 Qxc3+
39. Kh4 Qc4+ 40. Kh5 Qf7+ 41. Kh4 e4 42. Kg3 Kg5 43. h4+ Kf5 44. Kf2 Kf4 45.
Ke2 e3 46. h5 Qb3 47. Kf1 Qc2 48. Kg1 Kg4 49. Kf1 Qf2# 0-1

[Event "Tournoi Skype 025B"]
[Site "Skype"]
[Date "????.??.??"]
[Round "3.26"]
[White "Rushdi, Tuan"]
[Black "Ruiz Gomez, Luz Alba"]
[Result "1-0"]
[WhiteElo "1005"]
[BlackElo "1279"]
[PlyCount "59"]

1. e4 e5 2. Nf3 Nc6 3. Bc4 Bc5 4. b4 Bxb4 5. c3 Be7 6. d4 d6 7. dxe5 Nxe5 8.
Nxe5 dxe5 9. Qb3 Be6 10. Bxe6 fxe6 11. Qxe6 Nf6 12. Qxe5 O-O 13. O-O Bd6 14.
Qb5 Rb8 15. e5 c6 16. Qe2 Re8 17. Qc4+ Nd5 18. exd6 Qxd6 19. Qb3 Kh8 20. Nd2
Re6 21. Nf3 Rg6 22. Ng5 Qf6 23. h4 h6 24. h5 Rxg5 25. Bxg5 Qxg5 26. c4 Nf4 27.
Qf3 Nxh5 28. g3 Nf6 29. Qf4 Qc5 30. Qxb8+ 1-0

[Event "Tournoi Skype 025B"]
[Site "Skype"]
[Date "????.??.??"]
[Round "3.27"]
[White "Conde, Abigail"]
[Black "Torres, Vicky"]
[Result "0-1"]
[WhiteElo "1000"]
[BlackElo "1276"]
[PlyCount "102"]

1. e4 c5 2. Nf3 e6 3. d4 a6 4. e5 d6 5. Bf4 d5 6. c4 Nd7 7. cxd5 exd5 8. Nc3
Ne7 9. Bg5 cxd4 10. Nxd5 Qa5+ 11. Nc3 dxc3 12. b3 c2+ 13. Qd2 Qxd2+ 14. Nxd2
Nxe5 15. Be2 Nf5 16. Bf4 Nc6 17. Bd3 Nfd4 18. O-O Ba3 19. Rfe1+ Be6 20. Nb1
cxb1=Q 21. Raxb1 O-O 22. Re3 Nf5 23. Rf3 Ncd4 24. Rh3 Nd6 25. Bxh7+ Kh8 26. Re1
Bxh3 27. Bd3 Bf5 28. Bxf5 N6xf5 29. Re4 Rad8 30. Be5 Nc2 31. h4 Rd1+ 32. Kh2
Bc5 33. Rf4 Nfd4 34. h5 Ne2 35. Rh4 Bxf2 36. Rh3 Ng1 37. Rc3 Ne3 38. h6 f6 39.
Bd6 Rxd6 40. g3 Ng4+ 41. Kg2 gxh6 42. a4 Rd2 43. b4 Bd4+ 44. Kf1 Bxc3 45. Kxg1
Bxb4 46. Kf1 Rg8 47. a5 Ne3+ 48. Kg1 Rxg3+ 49. Kh1 Rd1+ 50. Kh2 Rg2+ 51. Kh3
Rh1# 0-1

[Event "Tournoi Skype 025B"]
[Site "Skype"]
[Date "????.??.??"]
[Round "3.28"]
[White "Vincent, Andre"]
[Black "Dib, Catherine"]
[Result "1-0"]
[WhiteElo "1273"]
[BlackElo "1048"]
[PlyCount "55"]

1. d4 d6 2. c4 b6 3. Nc3 Nf6 4. e4 Bb7 5. Bd3 g6 6. Nf3 Bg7 7. O-O Nbd7 8. b4
a6 9. Bf4 c6 10. Re1 O-O 11. e5 Nh5 12. Bd2 dxe5 13. dxe5 c5 14. Be4 Qc7 15.
Bxb7 Qxb7 16. Qe2 Rfd8 17. a3 Rac8 18. b5 f5 19. a4 a5 20. Nd5 Re8 21. Rad1 e6
22. Nc3 Rf8 23. Bg5 f4 24. Qd2 Rf5 25. Qxd7 Qxd7 26. Rxd7 Rb8 27. Red1 Rff8 28.
Ne4 1-0

[Event "Tournoi Skype 025B"]
[Site "Skype"]
[Date "????.??.??"]
[Round "3.29"]
[White "Trapletti, Cosetta"]
[Black "Almiron, Patricia"]
[Result "0-1"]
[WhiteElo "1000"]
[BlackElo "1270"]
[PlyCount "60"]

1. c4 c6 2. e4 g6 3. Nc3 d6 4. d3 Bg7 5. Bg5 Qa5 6. Be2 Qxg5 7. Bg4 Bxg4 8. Qc2
Nf6 9. Nge2 O-O 10. O-O e5 11. h3 Bxh3 12. Ng3 Be6 13. Qe2 Qf4 14. Nd1 Na6 15.
a3 Nc5 16. b4 Bg4 17. Qe1 Nxd3 18. Qc3 Nxe4 19. Qc2 Nxg3 20. Qxd3 Nxf1 21. Kxf1
e4 22. g3 exd3 23. gxf4 Bxa1 24. Ne3 d2 25. b5 d1=Q+ 26. Nxd1 Bxd1 27. Ke1 Bf3
28. Kd2 Rae8 29. a4 cxb5 30. axb5 Re2+ 0-1

[Event "Tournoi Skype 025B"]
[Site "Skype"]
[Date "????.??.??"]
[Round "3.30"]
[White "Rosenkoetter, David"]
[Black "Marty, Yvette"]
[Result "1-0"]
[WhiteElo "1270"]
[BlackElo "1000"]
[PlyCount "39"]

1. e4 e6 2. Nc3 Nf6 3. d4 c6 4. a3 d5 5. e5 Nfd7 6. f4 Be7 7. Nf3 Bd6 8. exd6
O-O 9. Bd3 g6 10. h4 Na6 11. Ng5 f6 12. Nxe6 Qe8 13. Qg4 f5 14. Qg5 Qxe6+ 15.
Ne2 Qxd6 16. h5 Rf6 17. Ng3 Kf8 18. Qh6+ Kf7 19. hxg6+ hxg6 20. Qh7+ 1-0

[Event "Tournoi Skype 025B"]
[Site "Skype"]
[Date "????.??.??"]
[Round "3.31"]
[White "Schnell, Nicolas"]
[Black "Battaglia, Gabriele"]
[Result "0-1"]
[WhiteElo "1000"]
[BlackElo "1248"]
[PlyCount "60"]

1. e4 c5 2. b3 Nf6 3. e5 Nd5 4. Bc4 Nf4 5. Qf3 Ne6 6. d3 Nc6 7. Nc3 Nxe5 8. Qf5
Nxc4 9. bxc4 g6 10. Qe5 Bg7 11. Qe2 Bxc3+ 12. Bd2 Bxa1 13. Qd1 Bg7 14. Nf3 O-O
15. O-O Nd4 16. Nxd4 Bxd4 17. Qf3 Rb8 18. Qf4 d6 19. Re1 b6 20. Be3 Bf6 21. Bd2
Qd7 22. Re3 Bb7 23. h3 Qc6 24. Rg3 Be5 25. Qg4 Bxg3 26. Qxg3 Kg7 27. Bc3+ e5
28. f3 f5 29. Qh4 Qd7 30. Bd2 Kg8 0-1

[Event "Tournoi Skype 025B"]
[Site "Skype"]
[Date "????.??.??"]
[Round "3.32"]
[White "Prasad, Sanjay"]
[Black "Duthoit, Bernard"]
[Result "0-1"]
[WhiteElo "1212"]
[BlackElo "1422"]
[PlyCount "62"]

1. c4 e6 2. e4 c5 3. Nf3 Nc6 4. Nc3 g6 5. d3 Bg7 6. Be3 b6 7. d4 cxd4 8. Bxd4
Nxd4 9. Nxd4 Bb7 10. Ndb5 Bf8 11. Nd6+ Bxd6 12. Qxd6 Ne7 13. c5 bxc5 14. Rd1
Bc6 15. Qxc5 O-O 16. Bb5 Qc7 17. Bxc6 Nxc6 18. Nb5 Qe5 19. Qxe5 Nxe5 20. O-O a6
21. Nc3 Rfc8 22. f3 Rab8 23. b3 Rxc3 24. Rc1 Rbc8 25. Rxc3 Rxc3 26. Rf2 Rc1+
27. Rf1 Rxf1+ 28. Kxf1 f5 29. f4 Nd3 30. exf5 exf5 31. g3 Nc1 0-1

[Event "Tournoi Skype 025B"]
[Site "Skype"]
[Date "????.??.??"]
[Round "3.33"]
[White "Gonzalez, Ivan"]
[Black "Maccaferri, Massimo"]
[Result "0-1"]
[WhiteElo "1146"]
[BlackElo "1215"]
[PlyCount "94"]

1. Nf3 Nc6 2. e4 e5 3. Nc3 d6 4. Bc4 Be6 5. d3 Nd4 6. h3 h5 7. O-O f6 8. Bxe6
g5 9. Bxg8 Rxg8 10. Nxd4 exd4 11. Qxh5+ Kd7 12. Qg4+ Kc6 13. Qf3 Qd7 14. e5+ d5
15. Qxf6+ Bd6 16. exd6 cxd6 17. Qf3 dxc3 18. Re1 g4 19. Qf6 d4 20. Re6 gxh3 21.
Rxd6+ Qxd6 22. Qxd6+ Kxd6 23. Bf4+ Kd7 24. bxc3 Rxg2+ 25. Kf1 Rag8 26. Ke2 dxc3
27. Rb1 b6 28. Rh1 Rh8 29. Kf3 Rg6 30. Be5 Rh5 31. d4 Ke6 32. Ke2 Rg2 33. Bb8
b5 34. Rh2 Kf5 35. Kf3 Rg1 36. d5 Rc1 37. d6 Ke6 38. Kg4 Rxc2 39. Kxh5 Rxa2 40.
Kh4 Ra1 41. Kxh3 c2 42. f4 c1=Q 43. Re2+ Kf5 44. d7 Ra3+ 45. Kg2 Qc6+ 46. Kf2
Rf3+ 47. Ke1 Qc1# 0-1

[Event "Tournoi Skype 025B"]
[Site "Skype"]
[Date "????.??.??"]
[Round "3.34"]
[White "Alverson, Ginny"]
[Black "Codina, Teresa"]
[Result "0-1"]
[WhiteElo "1078"]
[BlackElo "1195"]
[PlyCount "64"]

1. Nf3 d5 2. d4 Nf6 3. e3 e6 4. Nc3 c5 5. Bb5+ Bd7 6. Bxd7+ Qxd7 7. Ne5 Qd8 8.
O-O cxd4 9. Qxd4 Nc6 10. Nxc6 bxc6 11. h3 Be7 12. Re1 O-O 13. e4 c5 14. Qe5 d4
15. Nb5 Qa5 16. Nc3 dxc3 17. Qxc3 Qb6 18. Bg5 h6 19. Bxf6 Bxf6 20. e5 Bg5 21.
Rad1 Rad8 22. Rxd8 Rxd8 23. a3 Bd2 24. Qb3 Bxe1 25. Qxb6 axb6 26. b4 cxb4 27.
axb4 Bxb4 28. Kh2 Bc3 29. f4 Bd2 30. c4 Bxf4+ 31. g3 Bxe5 32. c5 bxc5 0-1

[Event "Tournoi Skype 025B"]
[Site "Skype"]
[Date "????.??.??"]
[Round "3.35"]
[White "Dorneles, Luis Eduardo"]
[Black "Le Bouill, Pierre"]
[Result "0-1"]
[WhiteElo "1042"]
[BlackElo "1182"]
[PlyCount "76"]

1. e4 e5 2. Nf3 Nf6 3. Nc3 c6 4. Be2 d6 5. O-O Be7 6. a3 O-O 7. Bc4 b5 8. Bb3
Bb7 9. d3 h6 10. Be3 Ng4 11. Qe2 Nxe3 12. Qxe3 Bg5 13. Nxg5 Qxg5 14. Qxg5 hxg5
15. Rad1 Nd7 16. d4 Nf6 17. dxe5 dxe5 18. Rfe1 a6 19. Ba2 Nh5 20. b4 a5 21. h3
axb4 22. axb4 Nf4 23. Rd7 Bc8 24. Rc7 Ra3 25. Re3 Be6 26. Bxe6 Nxe6 27. Rxc6
Nd4 28. Rb6 Nxc2 29. Rd3 Nxb4 30. Rg3 Rc8 31. Rxb5 Nc2 32. Ne2 Rxg3 33. fxg3 f6
34. h4 gxh4 35. gxh4 Ne3 36. Rb3 Ng4 37. Rc3 Rd8 38. Rg3 Rd1# 0-1

[Event "Tournoi Skype 025B"]
[Site "Skype"]
[Date "????.??.??"]
[Round "3.36"]
[White "Baker, Abi"]
[Black "Swanepoel, Karel"]
[Result "1/2-1/2"]
[WhiteElo "1179"]
[BlackElo "1036"]
[PlyCount "96"]

1. c4 Nf6 2. Nc3 c5 3. e4 d6 4. Nf3 a6 5. Be2 g6 6. O-O Bg7 7. Nd5 Nxd5 8. cxd5
O-O 9. d4 cxd4 10. Nxd4 Re8 11. Bd2 e5 12. Nb3 Nd7 13. Ba5 b6 14. Bb4 Nf6 15.
Nd2 a5 16. Qa4 Bd7 17. Bb5 axb4 18. Qb3 Bxb5 19. Rfd1 Ba4 20. Qxb4 Bxd1 21.
Rxd1 Rc8 22. Nc4 Nxe4 23. Nxb6 Rc2 24. Qxe4 Qxb6 25. Qxc2 h6 26. b3 f5 27. a4
e4 28. Rb1 Qb7 29. Qc4 Rc8 30. Qb5 Qc7 31. Qc6 Qb8 32. Qa6 Be5 33. g3 g5 34. b4
f4 35. g4 f3 36. b5 Bd4 37. a5 Rc2 38. Rd1 Bxf2+ 39. Kf1 e3 40. Qb6 Qxb6 41.
axb6 e2+ 42. Kxf2 exd1=Q+ 43. Kg3 Rb2 44. b7 Rxb5 45. h4 Rxb7 46. hxg5 hxg5 47.
Kf2 Qe2+ 48. Kg3 Rh7 1/2-1/2

[Event "Tournoi Skype 025B"]
[Site "Skype"]
[Date "????.??.??"]
[Round "3.37"]
[White "Lecluyse, Koenraad"]
[Black "De Fazio, Monica"]
[Result "0-1"]
[WhiteElo "1173"]
[BlackElo "1000"]
[PlyCount "116"]

1. d4 d5 2. Nf3 Nf6 3. Bf4 Bf5 4. e3 e6 5. Bd3 Bd6 6. Bxf5 exf5 7. Bg5 O-O 8.
O-O Nbd7 9. Qd3 g6 10. Nc3 c6 11. Ne2 Qe8 12. Nf4 Ng4 13. h4 h6 14. Ne2 hxg5
15. Nxg5 Qe7 16. Ng3 f4 17. exf4 Bxf4 18. Rae1 Qd6 19. Qf3 Ndf6 20. h5 gxh5 21.
Nxh5 Nh2 22. Qxf4 Qxf4 23. Nxf4 Nxf1 24. Kxf1 Rfe8 25. Rc1 Re7 26. Nd3 a6 27.
a4 b5 28. b3 Rb8 29. Nc5 Rbe8 30. Nf3 Ne4 31. Nxa6 Nc3 32. Nc5 Ne2 33. Ra1 Kg7
34. axb5 cxb5 35. Nd3 f6 36. g3 Rh8 37. Nh4 Rc7 38. Kxe2 Rxc2+ 39. Kf1 Rd2 40.
Ra7+ Kh6 41. Nf5+ Kg5 42. Nf4 Kxf5 43. Re7 Rxd4 44. Ne6 Re4 45. Ng7+ Kg6 46.
Rd7 d4 47. f3 Re3 48. Kf2 Rh2+ 49. Kg1 Rh3 50. Kg2 Rh7 51. Rxd4 Rxg7 52. Kf2
Rxb3 53. Rg4+ Kf7 54. Ke2 f5 55. Rxg7+ Kxg7 56. Kd2 b4 57. Kc2 Rxf3 58. Kb2
Rxg3 0-1

[Event "Tournoi Skype 025B"]
[Site "Skype"]
[Date "????.??.??"]
[Round "3.38"]
[White "Gagnon, Sindy"]
[Black "Cengiz, Ali Ekber"]
[Result "0-1"]
[WhiteElo "1000"]
[BlackElo "1147"]
[PlyCount "38"]

1. e4 e5 2. Nc3 Nc6 3. d3 Bc5 4. Nh3 Nf6 5. Be3 Be7 6. d4 exd4 7. Bxd4 d6 8.
Qf3 Nxd4 9. Qd3 Nc6 10. Be2 Be6 11. O-O a6 12. Rfe1 Nb4 13. Qb5+ axb5 14. Nxb5
Nxc2 15. Kf1 Nxa1 16. Rxa1 Nxe4 17. Bd3 Nc5 18. Bc2 Bc4+ 19. Ke1 Bxb5 0-1


0-1

[Event "Tournoi Skype 025B"]
[Site "Skype"]
[Date "????.??.??"]
[Round "3.39"]
[White "Mimouni, Driss"]
[Black "Reese, Evan"]
[Result "0-1"]
[WhiteElo "1139"]
[BlackElo "1000"]
[PlyCount "52"]

1. d4 d5 2. e3 Nf6 3. Nc3 Bd7 4. Bd3 e6 5. e4 Nc6 6. exd5 exd5 7. Nf3 Bd6 8.
Bg5 O-O 9. O-O Re8 10. Nxd5 Be7 11. Re1 Nxd5 12. c4 Ndb4 13. Bxe7 Nxe7 14. Be4
Bc6 15. d5 Bd7 16. Ng5 Ng6 17. d6 Qxg5 18. Qf3 cxd6 19. Bxb7 Nh4 20. Rxe8+ Rxe8
21. Qg3 Qd2 22. Rf1 Nc2 23. h3 Nf5 24. Qg4 Ncd4 25. Rd1 Ne2+ 26. Kf1 Qxd1# 0-1

[Event "Tournoi Skype 025B"]
[Site "Skype"]
[Date "????.??.??"]
[Round "3.40"]
[White "Ramirez, Luis Antonio"]
[Black "Porcabeuf, Jean-Marc"]
[Result "1-0"]
[WhiteElo "1000"]
[BlackElo "1129"]
[PlyCount "67"]

1. e4 e6 2. Nf3 d5 3. Nc3 c5 4. d4 Nc6 5. e5 c4 6. Bg5 Be7 7. Be2 Bxg5 8. O-O
Bh6 9. g3 Nge7 10. Nh4 Ng6 11. f4 Nxh4 12. gxh4 Qxh4 13. Qe1 Qe7 14. Qg3 O-O
15. Bh5 Nxd4 16. Rac1 Nf5 17. Qg4 Ne3 18. Qf3 Nxf1 19. Rxf1 f6 20. Ne2 fxe5 21.
Qg4 Bxf4 22. Nxf4 exf4 23. Rxf4 e5 24. Qh4 exf4 25. Qxe7 Bh3 26. Bf3 d4 27.
Bd5+ Kh8 28. Bxc4 f3 29. Kf2 Rae8 30. Qxb7 h6 31. a4 Rb8 32. Qe4 Rxb2 33. Bd3
Rb1 34. Qh7# 1-0

[Event "Tournoi Skype 025B"]
[Site "Skype"]
[Date "????.??.??"]
[Round "4.1"]
[White "Sanchez Padilla, Armando Edilber"]
[Black "Teles, Jeferson Lisboa"]
[Result "0-1"]
[WhiteElo "1329"]
[BlackElo "1417"]
[PlyCount "86"]

1. e4 e5 2. Nf3 Nc6 3. Nc3 Nf6 4. Bb5 Nd4 5. Ba4 Nxf3+ 6. Qxf3 c6 7. Bb3 Be7 8.
d3 O-O 9. Bg5 d6 10. h3 Be6 11. Ne2 d5 12. O-O d4 13. c4 dxc3 14. bxc3 a5 15.
c4 b5 16. Rad1 a4 17. Bc2 Qc7 18. Qg3 g6 19. d4 Nh5 20. Qh4 Bxg5 21. Qxg5 exd4
22. Nxd4 Bxc4 23. Rfe1 Bxa2 24. Rd2 Bc4 25. Nf5 Qf4 26. Ne7+ Kg7 27. Qxf4 Nxf4
28. Nxc6 Rac8 29. Nd4 b4 30. Bxa4 Rfd8 31. Kh2 Nd3 32. Nf3 Nxe1 33. Rxd8 Nxf3+
34. gxf3 Rxd8 35. f4 b3 36. e5 b2 37. Bc2 Rd2 38. Be4 Rxf2+ 39. Kg1 Rxf4 40.
Kg2 Rxe4 41. Kg3 b1=Q 42. e6 Qd3+ 43. Kf2 Re2+ 0-1

[Event "Tournoi Skype 025B"]
[Site "Skype"]
[Date "????.??.??"]
[Round "4.2"]
[White "Mantelli, Luca"]
[Black "Pezzolato, Erica"]
[Result "1-0"]
[WhiteElo "1320"]
[BlackElo "1390"]
[PlyCount "49"]

1. e4 d6 2. d4 Nf6 3. Nc3 g6 4. f4 Bg7 5. Nf3 c5 6. e5 Nh5 7. dxc5 dxe5 8.
Qxd8+ Kxd8 9. fxe5 Nd7 10. g4 Nxe5 11. Nxe5 Bxe5 12. gxh5 Bf5 13. Bd3 Bxc3+ 14.
bxc3 Bd7 15. Rf1 f5 16. hxg6 hxg6 17. Rf2 Bc6 18. Bg5 Rh5 19. h4 Ke8 20. Re2
Rh7 21. Kd2 Rd8 22. Re6 Kf7 23. Rxe7+ Kg8 24. Rxh7 Kxh7 25. Bxd8 1-0

[Event "Tournoi Skype 025B"]
[Site "Skype"]
[Date "????.??.??"]
[Round "4.3"]
[White "Silva, Givson"]
[Black "Amato, Ludovica"]
[Result "1/2-1/2"]
[WhiteElo "1297"]
[BlackElo "1379"]
[PlyCount "75"]

1. e4 e5 2. f4 Nc6 3. Nf3 Nf6 4. Nc3 d6 5. d4 Nxd4 6. Nxd4 exd4 7. Qxd4 Be7 8.
Bc4 O-O 9. O-O c6 10. a4 Be6 11. f5 Bxc4 12. Qxc4 Re8 13. Bg5 h6 14. Bh4 Qb6+
15. Kh1 Ng4 16. Qe2 Ne3 17. Bf2 Bg5 18. b3 Qd4 19. Bxe3 Bxe3 20. Qd3 Qxd3 21.
cxd3 Bd4 22. Rac1 Rad8 23. Ne2 Bf6 24. Rcd1 d5 25. Ng3 Bh4 26. Rfe1 Bxg3 27.
hxg3 dxe4 28. d4 e3 29. g4 Re4 30. Rd3 Rexd4 31. Rdxe3 Rd1 32. Rxd1 Rxd1+ 33.
Kh2 Kf8 34. Kg3 Rd6 35. Kf4 g6 36. g3 Kg7 37. g5 hxg5+ 38. Kxg5 1/2-1/2

[Event "Tournoi Skype 025B"]
[Site "Skype"]
[Date "????.??.??"]
[Round "4.5"]
[White "Santos, Joselito"]
[Black "Couto, Januario"]
[Result "1-0"]
[WhiteElo "1294"]
[BlackElo "1433"]
[PlyCount "58"]

1. d4 f5 2. Bf4 d6 3. Nf3 Nf6 4. e3 g6 5. Be2 Bg7 6. Nbd2 O-O 7. O-O Qe8 8. c3
Nbd7 9. Bc4+ Kh8 10. Qb3 Nb6 11. Ng5 Nxc4 12. Qxc4 h6 13. Ngf3 b5 14. Qxc7 Nd5
15. Qa5 Nxf4 16. exf4 e6 17. Rfe1 Bf6 18. b4 Bd8 19. Qa3 a5 20. Qb3 a4 21. Qc2
Bb7 22. Re3 Qc6 23. Rxe6 Kg7 24. Rae1 Bc8 25. R6e3 g5 26. d5 Qb6 27. Qd3 g4 28.
Nd4 Bf6 29. Re6 Kg6 1-0

[Event "Tournoi Skype 025B"]
[Site "Skype"]
[Date "????.??.??"]
[Round "4.7"]
[White "Balanagendran"]
[Black "Vervoort, Jean-Louis"]
[Result "1-0"]
[WhiteElo "1361"]
[BlackElo "1192"]
[PlyCount "63"]

1. d4 d5 2. c4 c6 3. Nc3 Nf6 4. e3 Bg4 5. Nf3 Bxf3 6. Qxf3 e6 7. Bd3 Bb4 8. Bd2
O-O 9. O-O Nbd7 10. cxd5 cxd5 11. a3 Bxc3 12. Bxc3 Qb6 13. b4 Rac8 14. Bb2 a5
15. b5 Rc7 16. a4 Rfc8 17. Rac1 Qd6 18. Rxc7 Rxc7 19. Rc1 h5 20. Ra1 Ng4 21. g3
b6 22. Ba3 Qxa3 23. Rxa3 Rc1+ 24. Kg2 Ndf6 25. h3 Nh6 26. e4 dxe4 27. Bxe4 Re1
28. Re3 Ra1 29. Bc2 Nf5 30. Bxf5 exf5 31. Qxf5 Kf8 32. Qc8+ 1-0

[Event "Tournoi Skype 025B"]
[Site "Skype"]
[Date "????.??.??"]
[Round "4.8"]
[White "Galani, Mahendra"]
[Black "Hernandez Lopez, Joaquin"]
[Result "1-0"]
[WhiteElo "1484"]
[BlackElo "1207"]
[PlyCount "91"]

1. e4 e5 2. Ne2 Nf6 3. Ng3 Nc6 4. Nc3 Be7 5. Nf5 O-O 6. d3 Nd4 7. Nxe7+ Qxe7 8.
Nd5 Nxd5 9. exd5 d6 10. c3 Nf5 11. Be2 b6 12. Bg4 Qf6 13. O-O Bd7 14. Qe2 Rfe8
15. Qe4 Rad8 16. Qc4 Rc8 17. Qa6 Ra8 18. Be3 Qd8 19. Bxf5 Bxf5 20. Rad1 Bc8 21.
Qc4 Bf5 22. d4 e4 23. Qe2 Qf6 24. Qh5 Qg6 25. Qh4 Bg4 26. Rd2 f5 27. Qg3 Rf8
28. Bf4 Rf6 29. h3 Bh5 30. Bg5 Rf7 31. Qe3 Raf8 32. Bf4 a5 33. Qe1 Bf3 34. g3
h5 35. Kh2 h4 36. Rg1 Qh7 37. Bg5 Re8 38. Bxh4 f4 39. Qf1 e3 40. fxe3 Rxe3 41.
Bg5 Qe4 42. gxf4 Re2+ 43. Rxe2 Qxe2+ 44. Kg3 Qe3 45. Qf2 Be2+ 46. Qxe3 1-0

[Event "Tournoi Skype 025B"]
[Site "Skype"]
[Date "????.??.??"]
[Round "4.9"]
[White "Castellar, Juarez Iorio"]
[Black "Pouteau, Pascal"]
[Result "0-1"]
[WhiteElo "1298"]
[BlackElo "1457"]
[PlyCount "28"]

1. Nf3 d5 2. h3 c5 3. d3 Nc6 4. Nbd2 Nf6 5. e4 e5 6. Qe2 d4 7. g3 Be7 8. Bg2
Be6 9. a3 Qd7 10. O-O Bxh3 11. Bxh3 Qxh3 12. Nh2 h5 13. Re1 Ng4 14. Qf1 Qxh2#
0-1

[Event "Tournoi Skype 025B"]
[Site "Skype"]
[Date "????.??.??"]
[Round "4.10"]
[White "Lucena Vaz, Jose"]
[Black "Vincent, Andre"]
[Result "1/2-1/2"]
[WhiteElo "1430"]
[BlackElo "1273"]
[PlyCount "50"]

1. e4 c5 2. f4 g6 3. Nf3 d6 4. g3 Bg7 5. Bg2 Nc6 6. Nc3 Nf6 7. d3 Bg4 8. h3
Bxf3 9. Qxf3 Qd7 10. Be3 Nb4 11. Qf2 Rd8 12. Rd1 e6 13. O-O a6 14. Kh1 b6 15.
a3 Nc6 16. Ne2 O-O 17. Qf3 e5 18. f5 Nd4 19. Nxd4 cxd4 20. Bg5 Qe7 21. g4 Rd7
22. h4 h6 23. Bxf6 Qxf6 24. Qf2 g5 25. h5 Rc7 1/2-1/2

[Event "Tournoi Skype 025B"]
[Site "Skype"]
[Date "????.??.??"]
[Round "4.11"]
[White "Torres, Vicky"]
[Black "Perez, Luis Horacio"]
[Result "1-0"]
[WhiteElo "1276"]
[BlackElo "1397"]
[PlyCount "83"]

1. Nf3 e6 2. d4 d5 3. Bf4 Nf6 4. e3 c5 5. c3 a6 6. Bd3 cxd4 7. cxd4 Bb4+ 8. Nc3
O-O 9. Qc2 Nbd7 10. O-O-O Qe7 11. h4 b5 12. Ng5 Rd8 13. Bxh7+ Kf8 14. Bd3 Ke8
15. h5 e5 16. Bg3 e4 17. Be2 Bb7 18. h6 gxh6 19. Rxh6 Ng8 20. Rh5 Ba5 21. Bh4
Rdc8 22. Nh7 Ngf6 23. Nxf6+ Nxf6 24. Rh8+ Kd7 25. Bg4+ Kc6 26. Bxc8 Rxc8 27.
Rh6 Kb6 28. Bxf6 Qc7 29. Be5+ Qc6 30. Rxc6+ Rxc6 31. Kb1 b4 32. Qe2 bxc3 33.
bxc3 Bxc3 34. Rc1 Ka5 35. Qd1 Rb6+ 36. Kc2 Bb2 37. Rb1 Rc6+ 38. Kxb2 Rb6+ 39.
Ka1 Rb5 40. a4 Bc6 41. Bc7+ Rb6 42. Bxb6# 1-0

[Event "Tournoi Skype 025B"]
[Site "Skype"]
[Date "????.??.??"]
[Round "4.12"]
[White "Malbec, Robert"]
[Black "Rosenkoetter, David"]
[Result "1-0"]
[WhiteElo "1394"]
[BlackElo "1270"]
[PlyCount "99"]

1. e4 c5 2. Nf3 e6 3. d4 d5 4. e5 Nc6 5. Bb5 Qa5+ 6. Nc3 a6 7. Bxc6+ bxc6 8. a3
c4 9. O-O Be7 10. Bg5 Qd8 11. Qd2 f6 12. exf6 Bxf6 13. Bxf6 Qxf6 14. Rfe1 h6
15. Na4 Rb8 16. Rab1 Ne7 17. Nc5 Nf5 18. c3 O-O 19. Ne5 Nd6 20. Ncd7 Bxd7 21.
Nxd7 Qf7 22. Nxf8 Rxf8 23. Rf1 Ne4 24. Qe3 g5 25. Rbe1 h5 26. f3 Nd6 27. Qxg5+
Kh8 28. Qe5+ Kh7 29. Qxd6 h4 30. Rxe6 Qg7 31. Re7 Rf7 32. Rxf7 Qxf7 33. Qe5 Qg6
34. Qe7+ Kh6 35. Qxh4+ Kg7 36. Re1 a5 37. Qe7+ Qf7 38. Qxf7+ Kxf7 39. h4 a4 40.
Re5 Kf6 41. g4 c5 42. g5+ Kg6 43. dxc5 d4 44. cxd4 Kh5 45. c6 Kxh4 46. c7 Kh5
47. c8=Q Kg6 48. Qc6+ Kh5 49. Kg2 c3 50. Qh6# 1-0

[Event "Tournoi Skype 025B"]
[Site "Skype"]
[Date "????.??.??"]
[Round "4.13"]
[White "Martin, Jean-Claude"]
[Black "Khatanhar, Mohit"]
[Result "0-1"]
[WhiteElo "1389"]
[BlackElo "1194"]
[PlyCount "38"]

1. d4 d5 2. c4 dxc4 3. Nc3 e6 4. e4 h6 5. Bxc4 Nf6 6. e5 Nh7 7. Nf3 Be7 8. O-O
O-O 9. Bd3 c6 10. Bxh7+ Kxh7 11. h3 f6 12. Qd3+ Kg8 13. Nh4 f5 14. f4 Bxh4 15.
g3 Be7 16. a3 Nd7 17. b4 c5 18. bxc5 Nxc5 19. Qd2 Nb3 0-1

[Event "Tournoi Skype 025B"]
[Site "Skype"]
[Date "????.??.??"]
[Round "4.14"]
[White "Gerbaux, Regis"]
[Black "Conde, Carmen"]
[Result "1-0"]
[WhiteElo "1355"]
[BlackElo "1183"]
[PlyCount "73"]

1. d4 d5 2. c4 Nf6 3. Nc3 e6 4. Bg5 Nbd7 5. Nf3 dxc4 6. e4 Nb6 7. e5 h6 8. Bh4
g5 9. Bg3 Nh5 10. Ne4 Be7 11. h4 Qd5 12. Nf6+ Nxf6 13. exf6 Qe4+ 14. Qe2 Qxe2+
15. Bxe2 Bxf6 16. hxg5 Bg7 17. Bxc7 Nd5 18. Be5 f6 19. gxf6 Bxf6 20. Bxc4 Rf8
21. Rxh6 Be7 22. O-O-O Nb4 23. a3 Nc6 24. Bb5 Bd7 25. d5 Na5 26. Bxd7+ Kxd7 27.
dxe6+ Ke8 28. Rd3 Rc8+ 29. Bc3 Nb3+ 30. Kb1 Rf5 31. Rh8+ Bf8 32. Rd1 b6 33. Rh7
Be7 34. Rd7 Rf6 35. Rhxe7+ Kf8 36. Bxf6 Rc1+ 37. Ka2 1-0